000 00823nam a2200229 i 4500
001 186329
003 SpMaBN
005 20251013181350.0
008 161025s1991 sp |||| | spa d
020 _a84-206-0512-3
080 _a821.411.21-31"07"
130 0 _aCalila y Dimna.
_9119651
245 1 0 _aCalila y Dimna /
_cAbdalá Benalmocaffa ; introducción, traducción y notas de Marcelino Villegas.
260 _aMadrid :
_bAlianza Editorial,
_c[1991]
300 _a354 p. ;
_c18 cm.
490 1 _aEl libro de bolsillo ;
_v1512.
_aClásicos
700 1 _aVillegas, Marcelino.
_9115209
700 1 _aBenalmocaffa, Abdalá,
_dca. 720-759
_9161112
830 0 3 _aEl libro de bolsillo.
_pClásicos
_v1512.
_9179723
852 _aES-MaACL
_jL-30689
_z. - Donat. Miguel A. Velasco
999 _c186329
_d186329